| 000 | 01095cam a2200289 a 4500 | ||
|---|---|---|---|
| 999 |
_c7215 _d7215 |
||
| 001 | 4047425 | ||
| 003 | GZU | ||
| 005 | 20210505152934.0 | ||
| 008 | 990119s2000 njua b 001 0 eng | ||
| 010 | _a 99012570 | ||
| 020 | _a0130133078 | ||
| 040 |
_aDLC _cDLC _dDLC |
||
| 050 | 0 | 0 |
_aHD31 _b.C4125 2000 |
| 082 | 0 | 0 |
_a658 _221 |
| 100 | 1 | _aCerto, Samuel C. | |
| 245 | 1 | 0 |
_aModern management : _bdiversity, quality, ethics & the global environment / _cSamuel C. Certo. |
| 250 | _a8th ed. | ||
| 260 |
_aUpper Saddle River, N.J. : _bPrentice Hall, _cc2000. |
||
| 300 |
_axxi, 598 p. : _bcol. ill. ; _c28 cm. + _e1 computer laser optical disc (4 3/4 in.) |
||
| 504 | _aIncludes bibliographical references (p.561-578) and indexes. | ||
| 650 | 0 | _aManagement. | |
| 650 | 0 | _aIndustrial management. | |
| 650 | 0 | _aSocial responsibility of business. | |
| 906 |
_a7 _bcbc _corignew _d1 _eocip _f19 _gy-gencatlg |
||
| 942 |
_2lcc _cBK _e8th _h31 _iCER _kHD _m2000 |
||